US states with the most Greeks - Statistics

General Stats
  • This quiz has been taken 25 times
  • The average score is 13 of 15
Answer Stats
Hint Answer % Correct
134,680 California
100%
170,637 New York
100%
47,622 Texas
100%
90,647 Florida
91%
42,711 Michigan
91%
83,701 Massachusetts
87%
54,614 Ohio
87%
62,168 Pennsylvania
87%
33,062 Virginia
87%
30,304 Connecticut
78%
99,509 Illinois
78%
63,940 New Jersey
78%
25,665 Washington
78%
33,733 Maryland
70%
26,877 North Carolina
61%
No matching quizzes found
Score Distribution
Percent of People with Each Score
Percentile by Number Answered
Your Score History
You have not taken this quiz